Guess the indian singer - Statistics

General Stats
  • This quiz has been taken 6 times
  • The average score is 9 of 14
Answer Stats
Hint Answer % Correct
Tum hi ho Arijit singh
100%
Mere sapno ki rani Kishore kumar
83%
Aayega aanewala Lata mangeshkar
83%
Brown rang Yo yo honey singh
83%
Ude jab jan zulfe teri Asha bhosle
67%
Saturday saturday BADSHAH
67%
Chaudhavin ka chand ho Mohammad rafi
67%
Kamli Sunidhi chauhan
67%
Woh lamhe Atif aslam
50%
Bairi piya Shreya ghosal
50%
Main rahoon ya na rahoon Armaan malik
33%
Zindagi kuch toh bata Jubin nautiyal
33%
Kabhi kabhi mere dil mein Mukesh
33%
Sunny sunny Neha kakkar
33%
No matching quizzes found
Score Distribution
Percent of People with Each Score
Percentile by Number Answered
Your Score History
You have not taken this quiz